• 首页
  • 本馆介绍
  • 公告通知
  • 最新文献
  • 馆藏检索
  • 电子资源
  • 读者导购
  • 参考咨询
  • 我的图书馆
  • 登录
  • 详细信息显示
  • 放入我的书架
  • 预约/预借图书
  • 作者相关作品
  • 分类相关作品
  • 丛书相关作品
  • 出版社相关作品

书目信息

  • 表格格式
  • 工作单格式
  • 卡片格式
题名:
荀子思想研究
    
 
作者: 康香阁 , 梁涛 主编
分册:  
出版信息: 北京   人民出版社  2014
页数: 374页
开本: 24cm
丛书名:
单 册:
中图分类: B222.65
科图分类:
主题词:
电子资源:
ISBN: 978-7-01-013506-9
000 01080nam0 22002411 450
001 350515
005 20161011095922.17
010    @a978-7-01-013506-9@dCNY68.00
100    @a20140613d2014 em y0chiy50 ea
101 0  @achi
102    @aCN@b110000
105    @ay z 000yy
106    @ar
200 1  @a荀子思想研究@AXun Zi Si Xiang Yan Jiu@f康香阁,梁涛主编
210    @a北京@c人民出版社@d2014
215    @a374页@d24cm
330    @a本书为在荀子故里古都邯郸举办的国际学术研讨会精选论文集,作者来自美国、德国、加拿大、日本、韩国、新加坡和中国大陆、台湾和香港等9个国家和地区的20多所著名高校。内容涉及性恶论、礼治论、荀学史、伦理学、文本考订、荀子道论、荀子形象、孟荀比较、语言风格、军事思想诸方面,展示出当前国内外荀子思想研究的前沿成果。本书序言中采用了学术界近年对荀子生卒年、游学于齐等研究的新观点,值得关注和讨论。
600  0 @a荀况@AXun Kuang@f(前313-前238)@x思想评论@j文集
690    @aB222.65@v5
701  0 @a康香阁@AKang Xiang Ge@f(1959~)@4主编
701  0 @a梁涛@ALiang Tao@f(1965.6~)@4主编
801  0 @aCN@bTANGWEI@c20160804
905    @b0890420-4@dB222.65@e523@f5
    
    荀子思想研究/康香阁,梁涛主编 .-北京:人民出版社,2014
    374页;24cm
    
    
    ISBN 978-7-01-013506-9:CNY68.00
    本书为在荀子故里古都邯郸举办的国际学术研讨会精选论文集,作者来自美国、德国、加拿大、日本、韩国、新加坡和中国大陆、台湾和香港等9个国家和地区的20多所著名高校。内容涉及性恶论、礼治论、荀学史、伦理学、文本考订、荀子道论、荀子形象、孟荀比较、语言风格、军事思想诸方面,展示出当前国内外荀子思想研究的前沿成果。本书序言中采用了学术界近年对荀子生卒年、游学于齐等研究的新观点,值得关注和讨论。
●
相关链接 在E读中查询图书 在五车中查询图书 在当当中查询图书 在豆瓣中查询图书


正题名:荀子思想研究     索取号:B222.65/523         预约/预借

序号 登录号 条形码 馆藏地/架位号 状态 备注
1 0890420   208904202   第一样本阅览室/ [索取号:B222.65/523] 在馆    
2 0890421   208904211   第一借阅区/ [索取号:B222.65/523] 在馆    
3 0890422   208904220   第一借阅区/ [索取号:B222.65/523] 在馆    
4 0890423   208904239   第一借阅区/ [索取号:B222.65/523] 在馆    
5 0890424   208904248   第一借阅区/ [索取号:B222.65/523] 在馆    
唐山师范学院图书馆 欢迎您!
大连网信软件有限公司© 版权所有